| 000 | 01118nam a22002537a 4500 | ||
|---|---|---|---|
| 001 | 6520 | ||
| 003 | FISKH | ||
| 005 | 20250820081627.0 | ||
| 008 | 250507b cb ||||| |||| 00| 0 eng d | ||
| 020 | _a9789814281300 | ||
| 040 |
_aFISKH _beng _cFISKH _dFISKH |
||
| 050 | _aPZ7 | ||
| 082 | _a416 | ||
| 100 | _aGiles, Jenny | ||
| 245 |
_aAndrocles and the Lion / _cRetold by Jenny Giles ; Ilustrated by Loma Tilders |
||
| 260 |
_aMilburn : _bNelson Price, _c2000. |
||
| 300 |
_a32 pages : _bcolor illustrations ; _c21 cm |
||
| 505 | _aH | ||
| 520 | _aAesop, a Greek slave who lived about 550 BC, told a version of this fable. The story was later recited in ancient Rome, where runaway slaves and criminals were often forced to fight wild animals in the arena. The traditional fable has a satisfying moral: 'A kindness is often repaid.' This, as well as its strong drama, has made it a popular story for many centuries. Set in North Africa and Rome about 140 BC. | ||
| 521 | 8 |
_a420
_bLexile |
|
| 521 | 8 |
_aH
_bRaz-Plus |
|
| 650 |
_aEntertainment _vHelping out _xCharacterization |
||
| 942 |
_2ddc _cBK _n0 |
||
| 999 |
_c6520 _d6520 |
||